| 000 | 00886nam a2200253 a 4500 | ||
|---|---|---|---|
| 001 | 000029887 | ||
| 003 | DO-SdBNP | ||
| 005 | 20240722104003.0 | ||
| 007 | ta | ||
| 008 | 110426s1958 dr 000 0 spa d | ||
| 040 |
_aDO-SdBNP _bspa _cBNPHU _erda |
||
| 082 |
_bS211o _222 |
||
| 100 | 1 |
_aSánchez Cabral, Eduardo _eautor _917412 |
|
| 245 | 1 | 0 |
_aLa obra de un héroe / _cEduardo Sánchez Cabral. |
| 264 |
_aCiudad Trujillo, República Dominicana : _bImpresora Dominicana, _c1958. |
||
| 300 |
_a21 páginas ; _c23 cm. |
||
| 336 |
_2rdacontent _atexto _btxt |
||
| 337 |
_2rdamedia _asin mediación _bn |
||
| 338 |
_2rdacarrier _avolumen _bnc |
||
| 500 | _a"Conferencia leida por su autor en el Palacio del Partido Dominicano el 12 de enero de 1958, en ocacion de conmemoraese el día del Benefactor de la Patria" | ||
| 590 | _aInventariado, 2024/DG | ||
| 910 | _aDG | ||
| 942 |
_2ddc _cLF2 |
||
| 999 |
_c29379 _d29379 |
||